[Event "Berlin Federation IM"]
[Site "Berlin"]
[Date "2025.02.25"]
[Round "3"]
[White "Muse, Drazen"]
[Black "Zobel, Christian Erik"]
[Result "1/2-1/2"]
[WhiteElo "2309"]
[BlackElo "2188"]
[PlyCount "41"]
[EventDate "2025.02.24"]
[EventType "tourn"]
[EventRounds "9"]
[EventCountry "GER"]
[EventCategory "3"]
[SourceTitle "CB10_2025"]
[SourceDate "2025.03.05"]
[SourceVersion "1"]
[SourceVersionDate "2025.03.05"]
[SourceQuality "1"]

1. Nf3 Nf6 2. c4 c5 3. Nc3 d5 4. cxd5 Nxd5 5. g3 Nc6 6. Bg2 Nxc3 7. bxc3 e5 8. 0-0 Be7 9. Ne1 0-0 10. Nc2 Be6 11. d3 Qd7 12. Ne3 Bh3 13. Bxh3 Qxh3 14. Rb1 b6 15. Qa4 Rac8 16. Qe4 f5 17. Qd5+ Kh8 18. Qg2 Qh5 19. f4 exf4 20. gxf4 Bd6 21. Qf3 1/2-1/2

[Event "Marburg op"]
[Site "Marburg"]
[Date "2024.10.27"]
[Round "7"]
[White "Zobel, Christian Erik"]
[Black "Meulner, Fabian"]
[Result "1/2-1/2"]
[WhiteElo "2094"]
[BlackElo "2051"]
[PlyCount "56"]
[EventDate "2024.10.24"]
[EventType "swiss"]
[EventRounds "7"]
[EventCountry "GER"]
[SourceTitle "CB16_2025"]
[SourceDate "2025.04.16"]
[SourceVersion "1"]
[SourceVersionDate "2025.04.16"]
[SourceQuality "1"]

1. d4 d5 2. c4 e6 3. Nc3 h6 4. cxd5 exd5 5. Bf4 Nf6 6. e3 Bd6 7. Bxd6 Qxd6 8. Bd3 0-0 9. Qc2 Nc6 10. a3 Re8 11. Nge2 a6 12. h3 Na7 13. 0-0 Bd7 14. b4 Qe7 15. Ng3 Nc8 16. Rae1 Bb5 17. f3 Qd8 18. Kh1 Ne7 19. Rd1 Bxd3 20. Rxd3 Qd6 21. Qf2 a5 22. bxa5 Rxa5 23. e4 Qa6 24. Re3 c5 25. Nxd5 Nexd5 26. exd5 Rxe3 27. Qxe3 cxd4 28. Qxd4 Rxd5 1/2-1/2

[Event "Nordhausen op 14th"]
[Site "Nordhausen"]
[Date "2024.07.27"]
[Round "5"]
[White "Philipp, Mathias"]
[Black "Zobel, Christian Erik"]
[Result "1/2-1/2"]
[WhiteElo "2162"]
[BlackElo "2071"]
[PlyCount "59"]
[EventDate "2024.07.25"]
[EventType "swiss"]
[EventRounds "7"]
[EventCountry "GER"]
[SourceTitle "CBM 221 Extra"]
[Source "ChessBase"]
[SourceDate "2024.09.30"]
[SourceVersion "1"]
[SourceVersionDate "2024.09.30"]
[SourceQuality "1"]

1. e4 c5 2. Nf3 e6 3. c3 Nf6 4. e5 Nd5 5. Bc4 Nb6 6. Bb3 d6 7. exd6 Bxd6 8. 0-0 Nc6 9. d4 cxd4 10. cxd4 0-0 11. Nc3 e5 12. Bg5 Qd7 13. dxe5 Nxe5 14. Ne4 Bc7 15. Rc1 Qxd1 16. Bxd1 Bb8 17. Nc5 Nbd7 18. Nxe5 Bxe5 19. b4 Nxc5 20. bxc5 Bd7 21. Bf3 Bc6 22. Be7 Rfe8 23. Bd6 Bxf3 24. gxf3 Bxd6 25. cxd6 Rad8 26. Rfd1 Rd7 27. Rc7 Red8 28. Re1 Kf8 29. Rb1 b6 30. Rbc1 1/2-1/2

[Event "GER-ch U25 op-A"]
[Site "Willingen"]
[Date "2024.05.24"]
[Round "8"]
[White "Zobel, Christian Erik"]
[Black "Gallasch, Robin"]
[Result "1/2-1/2"]
[WhiteElo "2013"]
[BlackElo "2119"]
[PlyCount "47"]
[EventDate "2024.05.19"]
[EventType "swiss"]
[EventRounds "9"]
[EventCountry "GER"]
[SourceTitle "EXT 2025"]
[Source "ChessBase"]
[SourceDate "2024.10.14"]
[SourceVersion "1"]
[SourceVersionDate "2024.10.14"]
[SourceQuality "1"]

1. d4 d5 2. c4 e6 3. Nc3 a6 4. cxd5 exd5 5. Bf4 Nf6 6. e3 Bd6 7. Bxd6 Qxd6 8. Bd3 0-0 9. Nge2 Re8 10. Qc2 Nbd7 11. h3 c6 12. 0-0 Nf8 13. Ng3 Ng6 14. Nf5 Bxf5 15. Bxf5 Re7 16. Rab1 Rae8 17. b4 Ne4 18. Nxe4 dxe4 19. Bxg6 hxg6 20. a4 Rc8 21. Rfc1 Re6 22. b5 axb5 23. axb5 Qd5 24. Qc5 1/2-1/2

[Event "GER-ch U25 op-A"]
[Site "Willingen"]
[Date "2024.05.22"]
[Round "6"]
[White "Bilenko, Yaroslav"]
[Black "Zobel, Christian Erik"]
[Result "1-0"]
[WhiteElo "2136"]
[BlackElo "2013"]
[PlyCount "65"]
[EventDate "2024.05.19"]
[EventType "swiss"]
[EventRounds "9"]
[EventCountry "GER"]
[SourceTitle "EXT 2025"]
[Source "ChessBase"]
[SourceDate "2024.10.14"]
[SourceVersion "1"]
[SourceVersionDate "2024.10.14"]
[SourceQuality "1"]

1. e4 e5 2. Nf3 Nc6 3. d4 exd4 4. Nxd4 Qf6 5. Nb5 Bc5 6. Qe2 Bb6 7. N1c3 Nge7 8. Be3 Ba5 9. 0-0-0 0-0 10. Nd5 Nxd5 11. exd5 Ne5 12. f4 Ng6 13. g3 a6 14. Nd4 d6 15. h4 Ne7 16. Qf3 c6 17. dxc6 bxc6 18. g4 d5 19. f5 Bc7 20. h5 Rb8 21. h6 g6 22. fxg6 Qxf3 23. gxh7+ Kh8 24. Nxf3 Bxg4 25. Bd4+ f6 26. Rd3 Bf4+ 27. Kb1 Kxh7 28. Rg1 Bxf3 29. Rxf3 Bxh6 30. Rxf6 Rxf6 31. Bxf6 Ng6 32. Bd3 Rg8 33. b4 1-0

[Event "Marburg op-A"]
[Site "Marburg"]
[Date "2023.10.28"]
[Round "4"]
[White "Gerhard, Dominik"]
[Black "Zobel, Christian Erik"]
[Result "0-1"]
[WhiteElo "1626"]
[BlackElo "1831"]
[PlyCount "84"]
[EventDate "2023.10.26"]
[EventType "swiss"]
[EventRounds "7"]
[EventCountry "GER"]
[SourceTitle "CBM 217 Extra"]
[Source "ChessBase"]
[SourceDate "2024.01.31"]
[SourceVersion "1"]
[SourceVersionDate "2024.01.31"]
[SourceQuality "1"]

1. c4 b6 2. Nc3 Bb7 3. e4 e6 4. d4 Bb4 5. Bd3 Nf6 6. Qc2 c5 7. d5 exd5 8. exd5 0-0 9. Nge2 b5 10. b3 bxc4 11. bxc4 d6 12. 0-0 Nbd7 13. Ne4 Nxe4 14. Bxe4 g6 15. Rb1 Bc8 16. f4 f5 17. Bd3 Nf6 18. Ng3 Qc7 19. h3 Bd7 20. Bb2 Rae8 21. Rf3 Ne4 22. Rd1 Nxg3 23. Rxg3 Qa5 24. Ba1 Ba4 25. Qb2 Bc3 26. Qxc3 Qxc3 27. Bxc3 Bxd1 28. Kf2 Re7 29. Re3 Rfe8 30. Rxe7 Rxe7 31. Bf6 Re8 32. Bc3 Kf7 33. Ba5 Re7 34. Bc3 Ba4 35. Bb1 Rb7 36. Bd3 Rb6 37. Ke2 Ra6 38. Kd2 Bd7 39. Bb1 Ra4 40. Kd3 Bc8 41. Bd2 Ba6 42. Kc3 Rxc4+ 0-1

[Event "GER-chT U16"]
[Site "Darmstadt"]
[Date "2022.12.29"]
[Round "6"]
[White "Zobel, Christian Erik"]
[Black "Noennig, Jakob1"]
[Result "1/2-1/2"]
[WhiteElo "1575"]
[BlackElo "1606"]
[PlyCount "75"]
[EventDate "2022.12.26"]
[EventType "team-swiss"]
[EventRounds "7"]
[EventCountry "GER"]
[SourceTitle "CBM 212 Extra"]
[Source "ChessBase"]
[SourceDate "2023.03.31"]
[SourceVersion "1"]
[SourceVersionDate "2023.03.31"]
[SourceQuality "1"]
[WhiteTeam "Lichtenberg Borussia"]
[BlackTeam "Magdeburg Schachzwerge"]
[WhiteTeamCountry "GER"]
[BlackTeamCountry "GER"]

1. e4 e5 2. Nf3 Nc6 3. Bc4 Bc5 4. c3 Nf6 5. d3 d6 6. Nbd2 a6 7. Bb3 Ba7 8. h3 h6 9. Nf1 Qe7 10. Ng3 Bd7 11. Be3 g5 12. Qd2 0-0-0 13. 0-0-0 Kb8 14. Rhe1 Rhe8 15. Bxa7+ Kxa7 16. Ba4 b5 17. Bb3 Na5 18. c4 Nxb3+ 19. axb3 c5 20. Kc2 b4 21. Nh2 Qf8 22. Nhf1 Ng8 23. Ne3 Ne7 24. f3 Qg7 25. Ra1 Be6 26. Ra2 Kb7 27. Qe2 Qg6 28. Rea1 Ra8 29. Rf1 h5 30. Raa1 f6 31. Ngf5 Nxf5 32. exf5 Bxf5 33. Nxf5 Qxf5 34. Qe4+ Qxe4 35. fxe4 Re6 36. Rf5 h4 37. Raf1 Rg8 38. Rxf6 1/2-1/2

[Event "GER-chT U16"]
[Site "Darmstadt"]
[Date "2022.12.27"]
[Round "1"]
[White "Zobel, Christian Erik"]
[Black "Lenz, Joshua"]
[Result "1-0"]
[WhiteElo "1575"]
[BlackElo "1527"]
[PlyCount "57"]
[EventDate "2022.12.26"]
[EventType "team-swiss"]
[EventRounds "7"]
[EventCountry "GER"]
[SourceTitle "CBM 212 Extra"]
[Source "ChessBase"]
[SourceDate "2023.03.31"]
[SourceVersion "1"]
[SourceVersionDate "2023.03.31"]
[SourceQuality "1"]
[WhiteTeam "Lichtenberg Borussia"]
[BlackTeam "Lahnstein Turm"]
[WhiteTeamCountry "GER"]
[BlackTeamCountry "GER"]

1. e4 e6 2. d4 d5 3. Nd2 c5 4. exd5 Qxd5 5. Ngf3 Nf6 6. Bc4 Qc6 7. a4 Qc7 8. 0-0 Nc6 9. Nb3 cxd4 10. Nfxd4 Nxd4 11. Qxd4 Bd6 12. Qh4 Bd7 13. Bd3 h6 14. Bd2 0-0-0 15. f4 g5 16. Qf2 Qb8 17. Bc3 Nd5 18. Bxh8 Rxh8 19. Bb5 Bxb5 20. axb5 Bxf4 21. Kh1 b6 22. g3 Be3 23. Qxf7 Qe5 24. Rxa7 Qe4+ 25. Rf3 Ne7 26. Rxe7 g4 27. Qxe6+ Qxe6 28. Rxe6 gxf3 29. Rxe3 1-0

[Event "GER-chT U12"]
[Site "Naumburg Saale"]
[Date "2022.03.27"]
[Round "4.3"]
[White "Zobel, Christian Erik"]
[Black "Wartenberg, Alissa"]
[Result "1-0"]
[WhiteElo "1547"]
[BlackElo "1672"]
[PlyCount "51"]
[EventDate "2022.03.25"]
[EventType "team-swiss"]
[EventRounds "6"]
[EventCountry "GER"]
[SourceTitle "EXT 2023"]
[Source "ChessBase"]
[SourceDate "2022.10.05"]
[SourceVersion "1"]
[SourceVersionDate "2022.10.05"]
[SourceQuality "1"]
[WhiteTeam "Lichtenberg Borussia"]
[BlackTeam "Hamburger SK"]
[WhiteTeamCountry "GER"]
[BlackTeamCountry "GER"]

1. e4 e5 2. Nf3 Nc6 3. Bc4 Bc5 4. c3 Nf6 5. d3 d6 6. 0-0 h6 7. Nbd2 0-0 8. h3 a6 9. Bb3 Ba7 10. Re1 Ne7 11. Nf1 Ng6 12. Ng3 Re8 13. Be3 Bd7 14. Qd2 Bxe3 15. fxe3 Bc6 16. c4 Qd7 17. Rf1 b5 18. Nh2 Rf8 19. Rxf6 gxf6 20. Ng4 Qd8 21. Nxh6+ Kh7 22. Qe2 Kxh6 23. Qh5+ Kg7 24. Nf5+ Kg8 25. Qh6 Qe7 26. Qg7# 1-0

[Event "GER-ch U12"]
[Site "Willingen"]
[Date "2021.08.28"]
[Round "8"]
[White "Braeutigam, Alexander"]
[Black "Zobel, Christian Erik"]
[Result "0-1"]
[WhiteElo "1555"]
[BlackElo "1641"]
[PlyCount "94"]
[EventDate "2021.08.22"]
[EventType "swiss"]
[EventRounds "9"]
[EventCountry "GER"]
[SourceTitle "EXT 2022"]
[Source "ChessBase"]
[SourceDate "2021.10.06"]
[SourceVersion "1"]
[SourceVersionDate "2021.10.06"]
[SourceQuality "1"]

1. c4 b6 2. Nc3 Bb7 3. d3 e6 4. e4 d5 5. exd5 exd5 6. Qe2+ Qe7 7. Qxe7+ Bxe7 8. Bf4 Na6 9. 0-0-0 0-0-0 10. Nf3 Nf6 11. Be2 Rhe8 12. Rhe1 Bb4 13. Nd2 Bxc3 14. bxc3 dxc4 15. Nxc4 Bxg2 16. Ne3 Bb7 17. Kb2 Nc5 18. Bg5 Rd6 19. Kc2 Rde6 20. Rg1 h6 21. Bxf6 Rxf6 22. Rdf1 Bf3 23. Kd2 g6 24. Bxf3 Rxf3 25. Ke2 Rh3 26. Rg2 Rh4 27. Kd2 Rd8 28. d4 Ne6 29. Re1 c5 30. d5 Nf4 31. Rg4 Rxg4 32. Nxg4 Rxd5+ 33. Kc2 h5 34. Nf6 Rf5 35. Re8+ Kb7 36. Re7+ Ka6 37. Nd7 Nd5 38. Nb8+ Kb5 39. Re1 Rxf2+ 40. Kb3 c4+ 41. Ka3 Kc5 42. Na6+ Kd6 43. Rd1 g5 44. Nb4 Rf5 45. Nc2 Kc5 46. Nd4 Nxc3 47. Rd2 Nb1+ 0-1

[Event "GER-chT U14"]
[Site "Willingen"]
[Date "2021.06.27"]
[Round "7.2"]
[White "Kort, Felix"]
[Black "Zobel, Christian Erik"]
[Result "1/2-1/2"]
[WhiteElo "1850"]
[BlackElo "1587"]
[PlyCount "106"]
[EventDate "2021.06.23"]
[EventType "team-swiss"]
[EventRounds "7"]
[EventCountry "GER"]
[SourceTitle "EXT 2022"]
[Source "ChessBase"]
[SourceDate "2021.10.06"]
[SourceVersion "1"]
[SourceVersionDate "2021.10.06"]
[SourceQuality "1"]
[WhiteTeam "Hamburger SK"]
[BlackTeam "Lichtenberg Borussia"]
[WhiteTeamCountry "GER"]
[BlackTeamCountry "GER"]

1. d4 b6 2. c4 Bb7 3. Nc3 e6 4. e4 Bb4 5. Bd3 d5 6. cxd5 exd5 7. Qa4+ Nc6 8. e5 Nge7 9. Nge2 0-0 10. 0-0 f6 11. f4 fxe5 12. dxe5 Bc5+ 13. Kh1 Nxe5 14. Qc2 Nxd3 15. Qxd3 Nf5 16. Rd1 c6 17. g4 Nh6 18. Qg3 Qc7 19. Qh4 Be7 20. Qh5 d4 21. Ne4 c5 22. N2g3 Bd6 23. Kg1 Bxf4 24. Rf1 Bxg3 25. Bxh6 Bxh2+ 26. Qxh2 Qxh2+ 27. Kxh2 Bxe4 28. Bd2 Bd3 29. Rf4 Rxf4 30. Bxf4 Re8 31. Rg1 Re2+ 32. Rg2 Rxg2+ 33. Kxg2 a6 34. Bc7 b5 35. Bb6 c4 36. Bxd4 Kf7 37. Kf3 g5 38. Bc3 Kg6 39. a3 h5 40. gxh5+ Kxh5 41. Kg3 Kg6 42. Kf3 Kf5 43. Ba5 g4+ 44. Kg3 Be2 45. Kf2 Bd1 46. Bc7 Ke4 47. Ke1 Ba4 48. Ke2 Kd5 49. Ke3 Kc5 50. Bd8 Bd1 51. Be7+ Kd5 52. Bh4 a5 53. Be1 a4 1/2-1/2

[Event "GER-chT U14"]
[Site "Willingen"]
[Date "2021.06.25"]
[Round "4.2"]
[White "Zobel, Christian Erik"]
[Black "Rennkamp, Johannes"]
[Result "1-0"]
[WhiteElo "1587"]
[BlackElo "1603"]
[PlyCount "137"]
[EventDate "2021.06.23"]
[EventType "team-swiss"]
[EventRounds "7"]
[EventCountry "GER"]
[SourceTitle "EXT 2022"]
[Source "ChessBase"]
[SourceDate "2021.10.06"]
[SourceVersion "1"]
[SourceVersionDate "2021.10.06"]
[SourceQuality "1"]
[WhiteTeam "Lichtenberg Borussia"]
[BlackTeam "Lueneburg Turm"]
[WhiteTeamCountry "GER"]
[BlackTeamCountry "GER"]

1. e4 c5 2. Nf3 g6 3. Bc4 Bg7 4. 0-0 Nc6 5. Bb5 e6 6. Bxc6 bxc6 7. d3 Ne7 8. Nc3 d5 9. Re1 0-0 10. Bd2 Rb8 11. Rb1 Ba6 12. Na4 c4 13. Bf4 Rc8 14. Nc5 Qa5 15. d4 Bb5 16. Bd2 c3 17. Bxc3 Qc7 18. e5 Qb6 19. Nd7 Qc7 20. Nxf8 Kxf8 21. Bb4 Qb6 22. Bc5 Qb7 23. b3 Ke8 24. c4 Ba6 25. cxd5 cxd5 26. Rc1 Nf5 27. Rc3 Qb5 28. Qc2 Qa5 29. Qb2 Bh6 30. g4 Ne7 31. g5 Bg7 32. Rec1 Nc6 33. Bb4 Qb5 34. Rc5 Qd3 35. Rxc6 Rxc6 36. Nd2 Rxc1+ 37. Qxc1 Qb5 38. Qc5 Qxc5 39. Bxc5 Bf8 40. Bxa7 h6 41. f4 hxg5 42. fxg5 Bb4 43. Nf3 Bd3 44. Bc5 Bxc5 45. dxc5 Kd7 46. Nd4 Kc7 47. Kf2 Kb7 48. Kg3 Kc7 49. Kg4 Bf5+ 50. Kf4 Kb7 51. b4 Kc7 52. a4 Bd3 53. b5 Bc4 54. a5 Kb8 55. h4 Bd3 56. c6 Kc7 57. b6+ Kd8 58. Kg4 Kc8 59. h5 Bf5+ 60. Kh4 gxh5 61. Kxh5 Bg6+ 62. Kh6 f5 63. gxf6 Bf7 64. Kg7 Kd8 65. a6 Be8 66. a7 Bxc6 67. Nxc6+ Kd7 68. a8R Kxc6 69. f7 1-0

[Event "GER Pfingstopen U16"]
[Site "Playchess.com INT"]
[Date "2020.06.05"]
[Round "8"]
[White "Zobel, Christian Erik"]
[Black "Haug, Mara"]
[Result "1-0"]
[WhiteElo "1545"]
[BlackElo "1576"]
[PlyCount "77"]
[EventDate "2020.06.05"]
[EventType "swiss (blitz)"]
[EventRounds "11"]
[EventCountry "GER"]
[SourceTitle "CBM 197 Extra"]
[Source "ChessBase"]
[SourceDate "2020.09.30"]
[SourceVersion "1"]
[SourceVersionDate "2020.09.30"]
[SourceQuality "1"]

1. e4 c6 2. d4 d5 3. exd5 cxd5 4. Bd3 Nf6 5. h3 Bd7 6. Nf3 Nc6 7. c3 g6 8. Bg5 Bg7 9. Nbd2 0-0 10. Bf4 Re8 11. 0-0 Na5 12. Re1 a6 13. Ne5 Bb5 14. Bxb5 axb5 15. Qb3 Qb6 16. Qc2 Nc4 17. Ndxc4 bxc4 18. f3 Qc7 19. Nxg6 Qc8 20. Ne5 Nd7 21. Qf2 Nxe5 22. Bxe5 f6 23. Bf4 Qf5 24. Qg3 Kf7 25. Re2 Qd3 26. Rd2 Qf5 27. a3 Ra6 28. Re1 Re6 29. Rxe6 Qxe6 30. Qf2 Qf5 31. Bg3 Bh6 32. f4 e5 33. dxe5 fxe5 34. Rxd5 Qb1+ 35. Kh2 exf4 36. Bxf4 Bxf4+ 37. Qxf4+ Kg8 38. Rg5+ Kh8 39. Qf6# 1-0

[Event "GER Pfingstopen U12"]
[Site "Playchess.com INT"]
[Date "2020.06.02"]
[Round "4"]
[White "Burkart, Lloyd Shang"]
[Black "Zobel, Christian Erik"]
[Result "1/2-1/2"]
[WhiteElo "1897"]
[BlackElo "1620"]
[PlyCount "74"]
[EventDate "2020.06.02"]
[EventType "swiss (blitz)"]
[EventRounds "11"]
[EventCountry "GER"]
[SourceTitle "CBM 197 Extra"]
[Source "ChessBase"]
[SourceDate "2020.09.30"]
[SourceVersion "1"]
[SourceVersionDate "2020.09.30"]
[SourceQuality "1"]

1. c4 c5 2. g3 g6 3. Nc3 Bg7 4. Bg2 e6 5. e3 Ne7 6. Nge2 Nbc6 7. 0-0 0-0 8. d4 cxd4 9. exd4 d5 10. cxd5 Nxd5 11. Nxd5 exd5 12. Be3 Bg4 13. h3 Be6 14. Rc1 Rc8 15. Qd2 Qb6 16. Rfd1 Na5 17. b3 Nc6 18. Bh6 Rfe8 19. Bxg7 Kxg7 20. Nf4 Ne7 21. Re1 Rxc1 22. Rxc1 Rd8 23. h4 Nf5 24. Ne2 h6 25. Qf4 Re8 26. Qc7 Qb5 27. Nf4 Kg8 28. Nxe6 Rxe6 29. Qd8+ Kg7 30. Qxd5 Qxd5 31. Bxd5 Rd6 32. Bxb7 Rxd4 33. Bf3 Rd2 34. Ra1 Nd4 35. Kg2 Rd3 36. Be4 Rd2 37. Bf3 Kf6 1/2-1/2

[Event "GER Pfingstopen U12"]
[Site "Playchess.com INT"]
[Date "2020.06.02"]
[Round "1"]
[White "Muendoerfer, Sebastian"]
[Black "Zobel, Christian Erik"]
[Result "0-1"]
[WhiteElo "1548"]
[BlackElo "1620"]
[PlyCount "60"]
[EventDate "2020.06.02"]
[EventType "swiss (blitz)"]
[EventRounds "11"]
[EventCountry "GER"]
[SourceTitle "CBM 197 Extra"]
[Source "ChessBase"]
[SourceDate "2020.09.30"]
[SourceVersion "1"]
[SourceVersionDate "2020.09.30"]
[SourceQuality "1"]

1. d4 d5 2. c4 c6 3. Nc3 Nf6 4. cxd5 cxd5 5. Bg5 Ne4 6. Nxe4 dxe4 7. e3 Qa5+ 8. Qd2 Qxg5 9. Bc4 Qxg2 10. Bb5+ Bd7 11. Bxd7+ Nxd7 12. Qb4 Rb8 13. Qa4 Qxh1 14. Qxa7 Qxg1+ 15. Kd2 Qxf2+ 16. Kc3 Qxe3+ 17. Kb4 Qd2+ 18. Kb3 e6 19. a3 Be7 20. Ka2 Kf8 21. Rb1 g6 22. Ka1 Kg7 23. Qa4 Nf6 24. Qc4 Rhc8 25. Qa2 Qxd4 26. h4 e3 27. a4 Ra8 28. a5 Rc5 29. Qa3 Rcxa5 30. Qxa5 Rxa5# 0-1

[Event "GER Pfingstopen U12"]
[Site "Playchess.com INT"]
[Date "2020.06.02"]
[Round "10"]
[White "Zobel, Christian Erik"]
[Black "Heiligtag, Matthias"]
[Result "1-0"]
[WhiteElo "1620"]
[BlackElo "1599"]
[PlyCount "37"]
[EventDate "2020.06.02"]
[EventType "swiss (blitz)"]
[EventRounds "11"]
[EventCountry "GER"]
[SourceTitle "CBM 197 Extra"]
[Source "ChessBase"]
[SourceDate "2020.09.30"]
[SourceVersion "1"]
[SourceVersionDate "2020.09.30"]
[SourceQuality "1"]

1. e4 e5 2. Nf3 Nf6 3. Nc3 Nc6 4. Bc4 Nxe4 5. Nxe4 d5 6. Bd3 dxe4 7. Bxe4 Bd7 8. 0-0 Bc5 9. Bxc6 Bxc6 10. Nxe5 Qg5 11. Nxc6 bxc6 12. Re1+ Be7 13. Qe2 Kd7 14. d4 Qf6 15. Be3 Rhe8 16. Rad1 Bd6 17. Qg4+ Kd8 18. Bg5 Rxe1+ 19. Rxe1 1-0